000
00289nam a22001097a 4500
082
_a
320/CHA
100
_a
Chatterjee,Kingshuk
_9
83917
245
_a
Political Faultlines in the Middle East
260
_a
New Delhi
_b
KW Publication
_c
2021
650
_a
Political Scince
_9
1819
942
_c
BK
999
_c
68924
_d
68924